Report Of The Special Budget Committee On The 2014 Budget Estimates Of The National Commission For Civic Education (Record no. 3711)

MARC details
000 -LEADER
fixed length control field 00519nam a2200145Ia 4500
008 - FIXED-LENGTH DATA ELEMENTS--GENERAL INFORMATION
fixed length control field 240429s9999||||xx |||||||||||||| ||und||
041 ## - LANGUAGE CODE
Language code of text/sound track or separate title eng
082 ## - DEWEY DECIMAL CLASSIFICATION NUMBER
Classification number ABE/NCCE/14
100 ## - MAIN ENTRY--PERSONAL NAME
Personal name Parliament of Ghana
245 #0 - TITLE STATEMENT
Title Report Of The Special Budget Committee On The 2014 Budget Estimates Of The National Commission For Civic Education
300 ## - PHYSICAL DESCRIPTION
Extent 11p;tabs
650 ## - SUBJECT ADDED ENTRY--TOPICAL TERM
Topical term or geographic name entry element Report Of The Special Budget Committee On The 2014 - Budget Estimates Of The National Commission For Civic Education
942 ## - ADDED ENTRY ELEMENTS (KOHA)
Koha item type Annual Estimates
Holdings
Withdrawn status Lost status Damaged status Not for loan Home library Current library Shelving location Date acquired Total checkouts Full call number Date last seen Copy number Price effective from Koha item type
        Main Library Main Library Open Shelves 14/09/2023   ABE/NCCE/14 7304 29/04/2024 1 29/04/2024 Annual Estimates
©2026  Parliament of Ghana Library - All rights reserved